000 04763cam a2200397 4500500
005 20251228045549.0
041 _afre
042 _adc
100 1 0 _aHanaire, Hélène
_eauthor
700 1 0 _aAttali, Claude
_eauthor
700 1 0 _aLecointre, Brigitte
_eauthor
700 1 0 _aFraysse, Martial
_eauthor
700 1 0 _aGouet, Didier
_eauthor
700 1 0 _aBabel, Marie-Renée
_eauthor
700 1 0 _aCharbonnel, Bernard
_eauthor
700 1 0 _aSarkozy, François
_eauthor
700 1 0 _aGourmelen, Julie
_eauthor
700 1 0 _aDetournay, Bruno
_eauthor
245 0 0 _aDéterminants des coûts du passage à l’insuline en France chez le patient diabétique de type 2 : quelles pistes d’optimisation ?
260 _c2016.
500 _a11
520 _aIntroduction : Les coûts liés au diabète de type 2 (DT2) et à ses complications sont en progression constante en France. Ces coûts sont particulièrement élevés chez certains patients traités par insuline. L’étude de leur dynamique avant et après l’initiation de l’insulinothérapie permet d’appréhender les raisons de cette situation. Méthode : Une analyse des données de l’Échantillon généraliste de bénéficiaires de l’Assurance maladie a identifié les patients DT2 ayant bénéficié de l’initiation d’un traitement par insuline en 2011 et 2012. Les consommations de soins ont été évaluées et comparées sur trois années avant et une année après cette initiation. Résultats : L’analyse a porté sur 1 233 patients DT2 du régime général. Le passage à l’insuline s’accompagne d’une augmentation du montant moyen annuel de soins présentés au remboursement, d’environ 3 650 € pour atteindre 11 000 €/an (schéma avec insuline basale seule). Trois postes représentent 86 % de l’augmentation observée (hospitalisations 29 %, soins infirmiers 44 %, dispositifs médicaux 13 %). L’augmentation est surtout importante chez les patients bénéficiant de soins infirmiers réguliers sur une longue durée (> 90 jours) après l’initiation et dans une moindre mesure chez les patients hospitalisés. Conclusion : L’augmentation des coûts ne peut pas être imputée uniquement à la prescription d’insuline. On peut penser que toute initiative visant à favoriser l’acquisition de l’autonomie du patient pourrait réduire les coûts observés après le passage à l’insuline si elle est adaptée à la nature de la demande, au profil médico-social du patient, à son parcours et aux ressources médicales qui l’entourent.
520 _aDeterminants of the cost of initiation of insulin therapy type 2 diabetic patients in France: possible approaches to optimization Introduction: The costs related to diabetes and related complications are steadily rising in France. Costs are particularly high among patients treated with insulin. A dynamic analysis of the costs before and after initiation of insulin therapy helps to elucidate the reasons for this situation. Method: Analysis of data from the “Échantillon Généraliste des Bénéficiaires”, a permanent representative sample of the population covered by the French compulsory health insurance, was conducted to identify T2DM patients initiating insulin therapy in 2011 and 2012. Healthcare consumption was assessed over a 3-year period before initiation of insulin therapy and was compared to that of the following year. Results: The analysis included 1,233 T2DM patients. The switch to insulin was accompanied by a €3,650 increase in average annual total costs to reach €11,000/year (for basal insulin therapy). Three items represented 86% of the observed increase of total cost (hospitalization: 29%, nursing care: 44%, medical devices: 13%). The increase was mainly observed in patients receiving long-term (more than 90 days) regular nursing care and, to a lesser extent, among hospitalized patients. Conclusion: Increased costs cannot be exclusively attributed to the consequences of insulin prescription. Any initiative designed to accelerate acquisition of patient autonomy would be likely to reduce the costs observed after switching to insulin, provided this initiative is adapted to the patient’s health profile, diabetes history and available medical resources.
690 _abase de données
690 _acoûts
690 _adiabète de type 2
690 _aFrance
690 _ainsuline
690 _acosts
690 _adatabase
690 _aFrance
690 _ainsulin
690 _atype 2 diabetes mellitus
786 0 _nSanté Publique | 28 | 6 | 2016-12-19 | p. 781-789 | 0995-3914
856 4 1 _uhttps://stm.cairn.info/revue-sante-publique-2016-6-page-781?lang=fr&redirect-ssocas=7080
999 _c1578844
_d1578844